[Event "Senta-ch"]
[Site "Senta"]
[Date "2017.02.18"]
[Round "8"]
[White "Bacsa, Zoltan"]
[Black "Ridjicki, Nenad"]
[Result "1/2-1/2"]
[WhiteElo "1734"]
[BlackElo "1805"]
[PlyCount "21"]
[EventDate "2017.01.20"]
[EventType "swiss"]
[EventRounds "9"]
[EventCountry "SRB"]
[SourceTitle "EXT 2018"]
[Source "ChessBase"]
[SourceDate "2017.10.13"]
[SourceVersion "1"]
[SourceVersionDate "2017.10.13"]
[SourceQuality "1"]

1. Nf3 Nf6 2. b3 d5 3. Bb2 e6 4. Nc3 Nc6 5. g3 g6 6. Bg2 Bg7 7. d3 0-0 8. 0-0 a6 9. a4 b6 10. e3 Bb7 11. Rb1 1/2-1/2

[Event "Senta-ch"]
[Site "Senta"]
[Date "2016.02.07"]
[Round "9"]
[White "Lorincz, Laszlo"]
[Black "Ridjicki, Nenad"]
[Result "0-1"]
[WhiteElo "1833"]
[BlackElo "1788"]
[PlyCount "144"]
[EventDate "2016.01.22"]
[EventType "swiss"]
[EventRounds "9"]
[EventCountry "SRB"]
[SourceTitle "CBM 170 Extra"]
[Source "ChessBase"]
[SourceDate "2016.02.25"]
[SourceVersion "1"]
[SourceVersionDate "2016.02.25"]
[SourceQuality "1"]

1. d4 c5 2. e3 cxd4 3. exd4 d5 4. Nf3 Nc6 5. c3 Bf5 6. Qb3 Rb8 7. Bf4 e5 8. Nxe5 Qe7 9. Be2 Nxe5 10. Bxe5 Rd8 11. 0-0 f6 12. Bb5+ Kf7 13. Bf4 a6 14. Bc4 dxc4 15. Qxc4+ Be6 16. Qd3 b5 17. Nd2 g5 18. Bg3 h5 19. h4 Qd7 20. hxg5 fxg5 21. Qe3 Be7 22. Ne4 Qd5 23. Be5 Bf6 24. Qf3 Rh6 25. Nxg5+ Kg6 26. Qxd5 Bxd5 27. Bxf6 Nxf6 28. Nh3 Kf7 29. Rfe1 Rg8 30. Nf4 Bc6 31. Re3 Nd5 32. Nxd5 Bxd5 33. g3 h4 34. Rf1 hxg3 35. fxg3+ Kg7 36. Rf4 Rh1+ 37. Kf2 Rf8 38. Re7+ Kg8 39. Rxf8+ Kxf8 40. Ra7 Bxa2 41. Rxa6 Rh2+ 42. Ke3 Rxb2 43. g4 Rg2 44. g5 Bc4 45. g6 Kg7 46. Rb6 Rc2 47. Ke4 Rxc3 48. d5 Rg3 49. Ke5 Rg5+ 50. Kd4 Rxd5+ 51. Kc3 Rg5 52. Kb4 Rxg6 53. Rb8 Kf6 54. Re8 Rg4 55. Rb8 Ke5 56. Kc3 Rg3+ 57. Kb4 Rb3+ 58. Kc5 Ke4 59. Rd8 Ke3 60. Rd4 Rd3 61. Rh4 Kd2 62. Kb4 Rb3+ 63. Kc5 Kc3 64. Rh2 Rb2 65. Rh1 Bd3 66. Rc1+ Kb3 67. Kd4 Bc4 68. Rc3+ Kb4 69. Rc1 Rd2+ 70. Ke3 Rd3+ 71. Ke4 Kb3 72. Ra1 Kb2 0-1

[Event "Senta-ch"]
[Site "Senta"]
[Date "2016.01.29"]
[Round "4"]
[White "Solymosi, Andras"]
[Black "Ridjicki, Nenad"]
[Result "1/2-1/2"]
[WhiteElo "1991"]
[BlackElo "1788"]
[PlyCount "69"]
[EventDate "2016.01.22"]
[EventType "swiss"]
[EventRounds "9"]
[EventCountry "SRB"]
[SourceTitle "CBM 170 Extra"]
[Source "ChessBase"]
[SourceDate "2016.02.25"]
[SourceVersion "1"]
[SourceVersionDate "2016.02.25"]
[SourceQuality "1"]

1. c4 c5 2. Nf3 Nc6 3. g3 e5 4. Nc3 Nf6 5. Bg2 d6 6. 0-0 Be7 7. e3 0-0 8. d4 Bg4 9. Ne2 cxd4 10. exd4 e4 11. Ng5 Bf5 12. Nc3 Qb6 13. d5 Ne5 14. b3 Bg4 15. Qc2 Nf3+ 16. Kh1 Nxg5 17. Bxg5 Bf5 18. Rae1 Rfe8 19. Bxf6 Bxf6 20. Nxe4 Bd4 21. Nf6+ Bxf6 22. Qxf5 Bc3 23. Re3 Bd4 24. Rxe8+ Rxe8 25. Qd7 Kf8 26. Kg1 Re2 27. Qc8+ Ke7 28. Qf5 g6 29. Qg5+ Kf8 30. Qf4 Rxa2 31. Bh3 Kg7 32. Bd7 Be5 33. Qf3 Rb2 34. Be8 f6 35. Ba4 1/2-1/2

[Event "Senta-ch"]
[Site "Senta"]
[Date "2016.01.22"]
[Round "1"]
[White "Ridjicki, Nenad"]
[Black "Farkas, Tibor"]
[Result "0-1"]
[WhiteElo "1788"]
[BlackElo "2271"]
[PlyCount "40"]
[EventDate "2016.01.22"]
[EventType "swiss"]
[EventRounds "9"]
[EventCountry "SRB"]
[SourceTitle "CBM 170 Extra"]
[Source "ChessBase"]
[SourceDate "2016.02.25"]
[SourceVersion "1"]
[SourceVersionDate "2016.02.25"]
[SourceQuality "1"]

1. e4 e6 2. c4 c5 3. Nc3 Nc6 4. Nf3 Nf6 5. Qc2 d6 6. a3 Be7 7. d3 0-0 8. Be3 b6 9. Be2 Bb7 10. h3 d5 11. e5 Nxe5 12. cxd5 Nxf3+ 13. Bxf3 Nxd5 14. Bd2 Qd7 15. 0-0 Nxc3 16. Bxc3 Bxf3 17. gxf3 Rad8 18. Rad1 Qd5 19. Qe2 Qh5 20. Kg2 Rd5 0-1

[Event "Senta op 19th"]
[Site "Senta"]
[Date "2015.07.16"]
[Round "7"]
[White "Ridjicki, Nenad"]
[Black "Farkas, Sandor I"]
[Result "0-1"]
[WhiteElo "1763"]
[BlackElo "1863"]
[PlyCount "94"]
[EventDate "2015.07.11"]
[EventType "swiss"]
[EventRounds "9"]
[EventCountry "SRB"]
[SourceTitle "EXT 2016"]
[Source "ChessBase"]
[SourceDate "2015.10.08"]
[SourceVersion "1"]
[SourceVersionDate "2015.10.08"]
[SourceQuality "1"]

1. e4 c5 2. f4 d5 3. e5 Nc6 4. c4 d4 5. d3 e6 6. Nf3 b6 7. Nbd2 Bb7 8. a3 a5 9. Ne4 Nh6 10. Bd2 Be7 11. Be2 Nf5 12. Rb1 0-0 13. 0-0 Qd7 14. Nfg5 Rfd8 15. Rf3 h6 16. Nh3 Bf8 17. Qf1 Kh8 18. Qf2 Be7 19. g4 Nh4 20. Rg3 Ng6 21. g5 Rg8 22. Rg4 Kh7 23. Bf3 Raf8 24. Kh1 f5 25. exf6 gxf6 26. gxf6 Bxf6 27. Rbg1 e5 28. Qg3 Nce7 29. Qg2 Nh4 30. Nxf6+ Rxf6 31. Be4+ Nef5 32. Qf2 Rxg4 33. Rxg4 Ng6 34. fxe5 Nxe5 35. Rf4 Nxd3 36. Qg2 Nxf4 37. Bxf4 Bxe4 38. Qxe4 Qc6 39. Qd5 Ne3 40. Qxc6 Rxc6 41. b3 Nc2 42. Bc1 Na1 43. Nf4 Nxb3 44. Bb2 Nd2 45. Nd5 Nxc4 46. Bc1 d3 47. Ne7 Re6 0-1

[Event "Senta op 19th"]
[Site "Senta"]
[Date "2015.07.14"]
[Round "5"]
[White "Ridjicki, Nenad"]
[Black "Kovacs, Arthur"]
[Result "0-1"]
[WhiteElo "1763"]
[BlackElo "2006"]
[PlyCount "98"]
[EventDate "2015.07.11"]
[EventType "swiss"]
[EventRounds "9"]
[EventCountry "SRB"]
[SourceTitle "EXT 2016"]
[Source "ChessBase"]
[SourceDate "2015.10.08"]
[SourceVersion "1"]
[SourceVersionDate "2015.10.08"]
[SourceQuality "1"]

1. e4 c6 2. d4 d5 3. e5 Bf5 4. Nf3 e6 5. Bd3 Bxd3 6. Qxd3 Qa5+ 7. Bd2 Qa6 8. Qe3 Ne7 9. Nh4 Nd7 10. a4 Ng6 11. Nxg6 hxg6 12. b4 b6 13. Qb3 c5 14. b5 Qb7 15. c3 c4 16. Qc2 a6 17. bxa6 Qxa6 18. 0-0 b5 19. a5 Nb6 20. g4 Na4 21. Kg2 Qxa5 22. Bg5 Be7 23. Bxe7 Kxe7 24. f4 Rh4 25. h3 Rah8 26. Rf3 Qb6 27. Na3 Ra8 28. Rb1 Ra5 29. Kh2 Qa6 30. f5 gxf5 31. gxf5 Re4 32. f6+ gxf6 33. Rxf6 Nxc3 34. Rbf1 Re2+ 35. Qxe2 Nxe2 36. Rxf7+ Kd8 37. Rf8+ Kd7 38. R1f7+ Kc6 39. Rd8 Nxd4 40. Rd6+ Kc5 41. Rxa6 Rxa6 42. Nb1 Ra1 43. Rf1 b4 44. h4 c3 45. Rc1 c2 46. Rxc2+ Nxc2 47. Nd2 Nd4 48. h5 Ra2 49. h6 Rxd2+ 0-1

[Event "Senta-ch"]
[Site "Senta"]
[Date "2015.02.21"]
[Round "8"]
[White "Ridjicki, Nenad"]
[Black "Bacsa, Zoltan"]
[Result "0-1"]
[WhiteElo "1810"]
[BlackElo "1647"]
[PlyCount "116"]
[EventDate "2015.01.30"]
[EventType "swiss"]
[EventRounds "9"]
[EventCountry "SRB"]
[SourceTitle "EXT 2016"]
[Source "ChessBase"]
[SourceDate "2015.10.08"]
[SourceVersion "1"]
[SourceVersionDate "2015.10.08"]
[SourceQuality "1"]

1. e4 c5 2. c3 d6 3. d4 cxd4 4. cxd4 g6 5. Be3 Bg7 6. f4 e6 7. Nc3 a6 8. Rc1 Nf6 9. e5 dxe5 10. fxe5 Nd5 11. Nxd5 exd5 12. Nf3 Nc6 13. Qd2 0-0 14. Bd3 Be6 15. 0-0 Rc8 16. Bh6 Qa5 17. Rc3 Qb6 18. Bxg7 Kxg7 19. Bb1 Rfe8 20. Kh1 Ne7 21. Rb3 Qc6 22. Qg5 Ng8 23. h4 h5 24. Qf4 Qd7 25. Ng5 Rf8 26. Rg3 Qe7 27. Bd3 Nh6 28. Nxe6+ Qxe6 29. Qg5 Ng4 30. Rf6 Nxf6 31. exf6+ Qxf6 32. Qxd5 Rc1+ 33. Kh2 Qxh4+ 34. Rh3 Qf4+ 35. g3 Qf2+ 36. Qg2 Qxg2+ 37. Kxg2 Rd8 38. Rh4 Rd1 39. Be4 b5 40. Bb7 Rd6 41. b3 Rd2+ 42. Kf3 Rxa2 43. d5 Rd2 44. Ke4 Re2+ 45. Kd4 Re7 46. Bc6 f5 47. Kc5 Rd8 48. Kb6 Rd6 49. Kxa6 b4 50. Rxb4 Re3 51. Kb6 Rc3 52. Kc7 Rxd5 53. Kb7 Rdd3 54. Ba4 Rxg3 55. Rb6 Rge3 56. b4 h4 57. Bc6 h3 58. b5 h2 0-1

[Event "Senta-ch"]
[Site "Senta"]
[Date "2015.02.14"]
[Round "6"]
[White "Ridjicki, Nenad"]
[Black "Nagy, Aleksz M"]
[Result "0-1"]
[WhiteElo "1810"]
[BlackElo "1681"]
[PlyCount "92"]
[EventDate "2015.01.30"]
[EventType "swiss"]
[EventRounds "9"]
[EventCountry "SRB"]
[SourceTitle "EXT 2016"]
[Source "ChessBase"]
[SourceDate "2015.10.08"]
[SourceVersion "1"]
[SourceVersionDate "2015.10.08"]
[SourceQuality "1"]

1. e4 c5 2. Nf3 d6 3. d4 cxd4 4. Nxd4 Nf6 5. Bd3 Nc6 6. c3 a6 7. h3 Qc7 8. Be3 e6 9. 0-0 Be7 10. Nd2 b5 11. Rc1 Bb7 12. f4 Nd7 13. Qg4 g6 14. b4 d5 15. exd5 Nf6 16. Qg3 Nxd5 17. Nxc6 Nxe3 18. Qxe3 Bxc6 19. Be4 0-0 20. Bxc6 Qxc6 21. Ne4 Rac8 22. Rfe1 Rfd8 23. Re2 Bxb4 24. Nf6+ Kg7 25. Qe5 Qc5+ 26. Kh1 Qxe5 27. fxe5 Rxc3 28. Rf1 Rcd3 29. Ref2 Rd1 30. Ne8+ Kf8 31. Nc7 Rxf1+ 32. Rxf1 Ke7 33. Nxa6 Bc3 34. Nc7 b4 35. Nb5 Bxe5 36. Na7 Rd2 37. Nc6+ Kd6 38. Nxe5 Kxe5 39. Rxf7 Rxa2 40. Rxh7 b3 41. Rb7 b2 42. Kh2 Kd4 43. Kg3 Kc3 44. Rc7+ Kd2 45. Rd7+ Kc1 46. Rc7+ Kb1 0-1

[Event "Senta op-B 17th"]
[Site "Senta"]
[Date "2013.07.20"]
[Round "9"]
[White "Ridjicki, Nenad"]
[Black "Nestorovic, Irena"]
[Result "0-1"]
[WhiteElo "1835"]
[BlackElo "2039"]
[PlyCount "36"]
[EventDate "2013.07.13"]
[EventType "swiss"]
[EventRounds "9"]
[EventCountry "SRB"]
[SourceTitle "EXT 2014"]
[Source "ChessBase"]
[SourceDate "2013.11.20"]
[SourceVersion "1"]
[SourceVersionDate "2013.11.20"]
[SourceQuality "1"]

1. e4 e5 2. Nf3 Nc6 3. Bb5 a6 4. Bc4 Be7 5. Nc3 Nf6 6. d4 exd4 7. Nxd4 d6 8. Nxc6 bxc6 9. 0-0 0-0 10. h3 Be6 11. Bd3 Nd7 12. Be3 f5 13. f4 d5 14. exd5 cxd5 15. Qe2 Nc5 16. Bxc5 Bxc5+ 17. Kh1 Re8 18. Rae1 Bf7 0-1

[Event "Senta op-B 14th"]
[Site "Senta"]
[Date "2010.07.17"]
[Round "1"]
[White "Ridjicki, Nenad"]
[Black "Gebejes, Ana"]
[Result "0-1"]
[WhiteElo "1818"]
[BlackElo "2056"]
[PlyCount "86"]
[EventDate "2010.07.17"]
[EventType "swiss"]
[EventRounds "9"]
[EventCountry "YUG"]
[SourceTitle "EXT 2011"]
[Source "ChessBase"]
[SourceDate "2010.11.26"]
[SourceVersion "1"]
[SourceVersionDate "2010.11.26"]
[SourceQuality "1"]

1. e4 e5 2. c3 Nf6 3. Qc2 Nc6 4. Nf3 a5 5. d4 exd4 6. Nxd4 Bc5 7. Be3 Ng4 8. Nf5 Nxe3 9. Nxe3 Bxe3 10. fxe3 Ne5 11. Qf2 0-0 12. Be2 b5 13. 0-0 b4 14. Qg3 d6 15. c4 Be6 16. Nd2 a4 17. b3 Ra5 18. Kh1 Qa8 19. Qe1 Qa7 20. Nf3 Qxe3 21. Nxe5 Rxe5 22. Qd1 Rxe4 23. Bf3 Rd4 24. Qb1 a3 25. Rd1 Rf4 26. Rd3 Qe5 27. Qd1 Rh4 28. Qg1 Rxh2+ 29. Qxh2 Qxa1+ 30. Rd1 Qxa2 31. Be4 f5 32. Bd5 Bxd5 33. cxd5 Qxb3 34. Qg1 Rf6 35. Qd4 a2 36. Kg1 f4 37. Kf1 f3 38. g3 Qc2 39. Rd2 Qb1+ 40. Rd1 b3 41. Kf2 Qc2+ 42. Rd2 a1Q 43. Qe3 Qe5 0-1

[Event "Senta op-B 13th"]
[Site "Senta"]
[Date "2009.07.25"]
[Round "9"]
[White "Toth, Kazmer"]
[Black "Ridjicki, Nenad"]
[Result "1-0"]
[WhiteElo "1971"]
[BlackElo "1796"]
[PlyCount "47"]
[EventDate "2009.07.18"]
[EventType "swiss"]
[EventRounds "9"]
[EventCountry "YUG"]
[SourceTitle "EXT 2012"]
[Source "ChessBase"]
[SourceDate "2011.11.24"]
[SourceVersion "1"]
[SourceVersionDate "2011.11.24"]
[SourceQuality "1"]

1. c4 c5 2. Nc3 g6 3. g3 Bg7 4. Bg2 Nc6 5. e4 Bxc3 6. bxc3 Qa5 7. Ne2 d6 8. 0-0 f5 9. d3 fxe4 10. Bxe4 Nf6 11. Bg2 0-0 12. Bg5 Ne5 13. Qd2 Bf5 14. Nf4 Rab8 15. Rab1 b6 16. Rfe1 Rbc8 17. Bxf6 Rxf6 18. Re3 Ng4 19. Re2 e5 20. h3 Nxf2 21. Nd5 Nxh3+ 22. Bxh3 Rf7 23. Bxf5 Rxf5 24. Ne7+ 1-0

[Event "Senta op-B 13th"]
[Site "Senta"]
[Date "2009.07.22"]
[Round "6"]
[White "Ridjicki, Nenad"]
[Black "Balatoni, Gyorgy"]
[Result "1-0"]
[WhiteElo "1796"]
[BlackElo "1933"]
[PlyCount "73"]
[EventDate "2009.07.18"]
[EventType "swiss"]
[EventRounds "9"]
[EventCountry "YUG"]
[SourceTitle "EXT 2012"]
[Source "ChessBase"]
[SourceDate "2011.11.24"]
[SourceVersion "1"]
[SourceVersionDate "2011.11.24"]
[SourceQuality "1"]

1. e4 c6 2. d4 d5 3. e5 Bf5 4. Bd3 Bxd3 5. Qxd3 e6 6. Nf3 Qb6 7. 0-0 c5 8. c4 dxc4 9. Qxc4 Qc6 10. Nc3 cxd4 11. Qxd4 Ne7 12. Rd1 Na6 13. Bg5 h6 14. Bh4 g5 15. Ne4 Nd5 16. Rac1 Qb5 17. a4 Qa5 18. Nd6+ Bxd6 19. exd6 Rg8 20. Bg3 f6 21. Qe4 Kf7 22. Nd4 Rae8 23. Nxe6 Rxe6 24. Qxd5 Qxd5 25. Rxd5 Rd8 26. h3 Rd7 27. Rc4 h5 28. h4 Re1+ 29. Kh2 Ke6 30. Rd2 b6 31. f4 Re3 32. fxg5 fxg5 33. hxg5 Nc5 34. Rdd4 Nb3 35. Re4+ Rxe4 36. Rxe4+ Kd5 37. Re7 1-0